[Event "Chigorin Memorial 19th"]
[Site "St Petersburg"]
[Date "2011.10.22"]
[Round "9"]
[White "Nasybullina, Alfia"]
[Black "Skafar, Darya"]
[Result "1-0"]
[WhiteElo "1978"]
[BlackElo "1735"]
[PlyCount "69"]
[EventDate "2011.10.14"]
[EventType "swiss"]
[EventRounds "9"]
[EventCountry "RUS"]
[SourceTitle "CBM 144 Extra"]
[Source "ChessBase"]
[SourceDate "2011.10.28"]
[SourceVersion "1"]
[SourceVersionDate "2011.10.28"]
[SourceQuality "1"]

1. f4 e5 2. fxe5 d6 3. Nf3 dxe5 4. e4 Nc6 5. Bb5 Bd7 6. d4 exd4 7. 0-0 h6 8. Bxc6 bxc6 9. Ne5 Be6 10. Qf3 Qe7 11. c3 c5 12. Na3 g6 13. Nb5 Bg7 14. Bf4 Rc8 15. Nc6 Qd7 16. Ncxa7 Bc4 17. Nxc8 Bxb5 18. c4 Bxc4 19. Rfc1 Qxc8 20. Rxc4 Ne7 21. Rxc5 c6 22. Bd6 Qd7 23. Bxe7 Kxe7 24. Rac1 Rc8 25. Qa3 Ke8 26. Rxc6 Qxc6 27. Rxc6 Rxc6 28. Qd3 Kd7 29. a4 Rb6 30. a5 Rxb2 31. a6 Ra2 32. Qb5+ Ke7 33. Qc5+ Ke8 34. a7 Ra1+ 35. Kf2 1-0

[Event "Chigorin Memorial 19th"]
[Site "St Petersburg"]
[Date "2011.10.17"]
[Round "4"]
[White "Skafar, Darya"]
[Black "Gumirov, Konstantin L"]
[Result "1/2-1/2"]
[WhiteElo "1735"]
[BlackElo "2057"]
[PlyCount "145"]
[EventDate "2011.10.14"]
[EventType "swiss"]
[EventRounds "9"]
[EventCountry "RUS"]
[SourceTitle "CBM 144 Extra"]
[Source "ChessBase"]
[SourceDate "2011.10.28"]
[SourceVersion "1"]
[SourceVersionDate "2011.10.28"]
[SourceQuality "1"]

1. e4 e5 2. Nf3 Nc6 3. Bb5 a6 4. Ba4 Bc5 5. c3 b5 6. Bb3 Qf6 7. 0-0 Nge7 8. d4 Ba7 9. Bg5 Qd6 10. Bxe7 Qxe7 11. Bd5 f6 12. Nh4 g6 13. a4 Rb8 14. Nf3 Nd8 15. axb5 Rxb5 16. Qc1 Nf7 17. Na3 Rb8 18. Kh1 c6 19. Bxf7+ Kxf7 20. dxe5 fxe5 21. Nc4 d6 22. Rd1 Rd8 23. Ncxe5+ dxe5 24. Rxd8 Qxd8 25. Nxe5+ Kg7 26. Nxc6 Qc7 27. Nxb8 Bxb8 28. g3 Qf7 29. Qe3 Ba7 30. Qf4 Qe7 31. Rd1 g5 32. Qf3 h5 33. Rd2 Bb7 34. Re2 Kh6 35. h4 g4 36. Qf4+ Kg7 37. Qg5+ Qxg5 38. hxg5 Kg6 39. Kg2 Kxg5 40. f3 gxf3+ 41. Kxf3 Bc8 42. Rd2 Bg4+ 43. Kg2 Bb8 44. Rd8 Be5 45. Kf2 Be6 46. Re8 Kf6 47. Ra8 Bc4 48. Rc8 Bd3 49. Kf3 Kg5 50. b4 Bf1 51. Rc6 Bb5 52. Rc5 Kf6 53. c4 Bd7 54. Ra5 Bc8 55. b5 axb5 56. Rxb5 Bg4+ 57. Kf2 Bd4+ 58. Kg2 Be2 59. Rd5 Be5 60. c5 Bb5 61. Kf3 Ke6 62. Rd1 Bc6 63. Rh1 Be8 64. g4 hxg4+ 65. Kxg4 Bd4 66. Rc1 Bc6 67. Kf4 Bf2 68. Kf3 Bd4 69. Kf4 Bf2 70. Rc4 Bg1 71. Rc2 Bd4 72. Rc4 Bg1 73. Rc2 1/2-1/2

[Event "Chigorin Memorial 19th"]
[Site "St Petersburg"]
[Date "2011.10.14"]
[Round "1"]
[White "Duzhakov, Ilya"]
[Black "Skafar, Darya"]
[Result "1-0"]
[WhiteElo "2325"]
[BlackElo "1735"]
[PlyCount "79"]
[EventDate "2011.10.14"]
[EventType "swiss"]
[EventRounds "9"]
[EventCountry "RUS"]
[SourceTitle "CBM 144 Extra"]
[Source "ChessBase"]
[SourceDate "2011.10.28"]
[SourceVersion "1"]
[SourceVersionDate "2011.10.28"]
[SourceQuality "1"]

1. e4 e5 2. Nf3 Nc6 3. d4 exd4 4. Nxd4 Bc5 5. Nxc6 bxc6 6. Bd3 Nf6 7. e5 Nd5 8. a3 d6 9. c4 Ne7 10. exd6 cxd6 11. 0-0 0-0 12. b4 Bb6 13. Qf3 Be6 14. Bb2 Rc8 15. Nd2 Ng6 16. Rae1 d5 17. c5 Bc7 18. Ba6 Rb8 19. Nb3 Qh4 20. g3 Qh3 21. Qc3 f6 22. f4 Bd7 23. Nd4 Rfe8 24. Qf3 Bg4 25. Qf2 Bd7 26. Qf3 Bg4 27. Qf2 Bd7 28. Bc1 Qg4 29. Be2 Qh3 30. Ba6 Qg4 31. Be2 Qh3 32. Bf3 f5 33. b5 Rxe1 34. Rxe1 Ba5 35. Bd2 Bxd2 36. Qxd2 cxb5 37. c6 Be8 38. Bxd5+ Kh8 39. c7 Rc8 40. Bb7 1-0